000 00994nam a22002897a 4500
003 CHAP
005 20220329140703.0
008 971013s1958 r 00010 d
010 _a56049
011 _a57021
035 _a61174
040 _cCHAP
082 _a632.951
_bS44m
100 0 0 _aShepard, Harold Henry
_eed.
_9105624
245 _aMethods of testing chemicals on insects
260 _aMinneapolis :
_bBurgess,
_c1958
300 _a2v
_b: ilus.
590 _aBATCH-UPD
_b10
_c20130110
_lUCH01
_h2038
590 _aCONVERSION
_b10
_c20130109
_lUCH01
_h1330
650 1 4 _aInsecticidas
_xPruebas.
_958878
901 _aBK
942 _cLIBRO
949 _a632.951 S44m
_bBC
_cLIBRO
_d33724000187118
_eLIBRO
_fv.1
_h23259
_i61174
_si
949 _a632.951 S44m
_bBC
_cLIBRO
_d33724000187126
_eLIBRO
_fv.1 c.2
_h23260
_i61174
_si
949 _a632.951 S44m
_bBC
_cLIBRO
_d33724000187134
_eLIBRO
_fv.2
_h23262
_i61174
_si
949 _a632.951 S44m
_bBC
_cLIBRO
_d33724000187142
_eLIBRO
_fv.2 c.2
_h23263
_i61174
_si
999 _c56049
_d56049